| 000 | 00408cam a22001337a 4500 | ||
|---|---|---|---|
| 008 | 180718b1993 xxu||||| |||| 00| 0 eng d | ||
| 082 | _aQ811 W139 | ||
| 100 | _aWakhlu, Khem Lata | ||
| 245 |
_aKidnapped: 45 days with militants in Kashmir _cby Khem Lata Wakhlu and O.N. Wakhlu |
||
| 260 |
_aDelhi _bKonark _c1993 |
||
| 300 | _a235p. | ||
| 650 | _aTerrorism - India - Jammu and Kashmir | ||
| 700 | _aWakhlu, O.N. | ||
| 999 |
_c380507 _d380507 |
||